Caricamento...

Strategies and management of mental health of adoloscents

Dettagli Bibliografici
Autore principale: Rekha B Raveendran
Natura: Electronic Thesis
Lingua:English
Soggetti:
Accesso online:http://hdl.handle.net/10603/197910
LEADER 00551nam a2200181Ia 4500
001 199941
008 190202t ii ||||fom||| 00| 0 eng d
100 |a Rekha B Raveendran 
245 |a Strategies and management of mental health of adoloscents 
502 |a Thesis (Ph. D.) -- Department of Psychology, University of Calicut, 
546 |a English 
653 |a Adoloscents 
653 |a Adoloscents||Mental health 
653 |a Mental health 
796 |a Manikandan K 
856 |u http://hdl.handle.net/10603/197910 
952 |a ON  |c ETD  |y ETD 
999 |c etd199941